<?xml version="1.0" encoding="UTF-8"?>
<record
    xmlns:xsi="http://www.w3.org/2001/XMLSchema-instance"
    xsi:schemaLocation="http://www.loc.gov/MARC21/slim http://www.loc.gov/standards/marcxml/schema/MARC21slim.xsd"
    xmlns="http://www.loc.gov/MARC21/slim">

  <leader>01238nam a22002295a 4500</leader>
  <datafield tag="999" ind1=" " ind2=" ">
    <subfield code="c">27432</subfield>
    <subfield code="d">27403</subfield>
  </datafield>
  <controlfield tag="003">EG-ScBUE</controlfield>
  <controlfield tag="005">20190505113049.0</controlfield>
  <controlfield tag="008">190505s2017    ua     fr     000 f ara d</controlfield>
  <datafield tag="017" ind1=" " ind2=" ">
    <subfield code="a">2017 / 8990</subfield>
  </datafield>
  <datafield tag="020" ind1=" " ind2=" ">
    <subfield code="a">9789778200164</subfield>
  </datafield>
  <datafield tag="040" ind1=" " ind2=" ">
    <subfield code="a">EG-ScBUE</subfield>
    <subfield code="b">ara</subfield>
    <subfield code="c">EG-ScBUE</subfield>
    <subfield code="d">EG-ScBUE</subfield>
  </datafield>
  <datafield tag="082" ind1="0" ind2="4">
    <subfield code="a">892.736</subfield>
    <subfield code="b">&#x62A; &#x648; &#x641;</subfield>
    <subfield code="2">22</subfield>
  </datafield>
  <datafield tag="100" ind1="1" ind2=" ">
    <subfield code="a">&#x62A;&#x648;&#x641;&#x64A;&#x642;&#x60C; &#x623;&#x62D;&#x645;&#x62F; &#x62E;&#x627;&#x644;&#x62F;&#x60C;</subfield>
    <subfield code="d">1962-2018.</subfield>
  </datafield>
  <datafield tag="245" ind1="1" ind2="0">
    <subfield code="a">&#x62D;&#x638;&#x643; &#x627;&#x644;&#x64A;&#x648;&#x645; /</subfield>
    <subfield code="c">&#x62A;&#x623;&#x644;&#x64A;&#x641; &#x623;&#x62D;&#x645;&#x62F; &#x62E;&#x627;&#x644;&#x62F; &#x62A;&#x648;&#x641;&#x64A;&#x642;.</subfield>
  </datafield>
  <datafield tag="260" ind1=" " ind2=" ">
    <subfield code="a">&#x627;&#x644;&#x62C;&#x64A;&#x632;&#x629;&#x60C; &#x645;&#x635;&#x631; :</subfield>
    <subfield code="b">&#x643;&#x64A;&#x627;&#x646; &#x644;&#x644;&#x646;&#x634;&#x631; &#x648;&#x627;&#x644;&#x62A;&#x648;&#x632;&#x64A;&#x639;&#x60C;</subfield>
    <subfield code="c">2017.</subfield>
  </datafield>
  <datafield tag="300" ind1=" " ind2=" ">
    <subfield code="a">128 &#x635;. &#x61B;</subfield>
    <subfield code="c">22 &#x633;&#x645;.</subfield>
  </datafield>
  <datafield tag="520" ind1=" " ind2=" ">
    <subfield code="a">- &#x627;&#x62B;&#x646;&#x627; &#x639;&#x634;&#x631; &#x628;&#x631;&#x62C;&#x627;&#x64B; &#x627;&#x62B;&#x646;&#x62A;&#x627; &#x639;&#x634;&#x631;&#x629; &#x637;&#x631;&#x64A;&#x642;&#x629; &#x644;&#x644;&#x645;&#x648;&#x62A; &#x648;&#x644;&#x639;&#x646;&#x629; &#x62A;&#x637;&#x627;&#x631;&#x62F;&#x643; &#x641;&#x64A; &#x643;&#x644; &#x635;&#x648;&#x628; &#x62A;&#x645;&#x631; &#x628;&#x627;&#x644;&#x623;&#x637;&#x648;&#x627;&#x631; &#x627;&#x644;&#x645;&#x639;&#x62A;&#x627;&#x62F;&#x629; : &#x641;&#x64A; &#x627;&#x644;&#x628;&#x62F;&#x627;&#x64A;&#x629; &#x623;&#x646;&#x62A; &#x644;&#x627; &#x62A;&#x639;&#x631;&#x641; ... &#x628;&#x639;&#x62F; &#x647;&#x630;&#x627; &#x623;&#x646;&#x62A; &#x644;&#x627; &#x62A;&#x644;&#x627;&#x62D;&#x638; ... &#x62B;&#x645; &#x62A;&#x644;&#x627;&#x62D;&#x638; &#x641;&#x644;&#x627; &#x62A;&#x635;&#x62F;&#x642; ... &#x62B;&#x645; &#x62A;&#x635;&#x62F;&#x642; &#x641;&#x644;&#x627; &#x62A;&#x639;&#x631;&#x641; &#x645;&#x627; &#x64A;&#x646;&#x628;&#x63A;&#x649; &#x639;&#x645;&#x644;&#x647;. &#x64A;&#x642;&#x648;&#x644; &#x627;&#x644;&#x63A;&#x631;&#x628;&#x64A;&#x648;&#x646; &#x623;&#x646;&#x643; &#x644;&#x627; &#x64A;&#x645;&#x643;&#x646; &#x623;&#x646; &#x62A;&#x643;&#x648;&#x646; &#x62D;&#x630;&#x631;&#x627;&#x64B; &#x627;&#x643;&#x62B;&#x631; &#x645;&#x646; &#x627;&#x644;&#x644;&#x627;&#x632;&#x645;. &#x648;&#x647;&#x630;&#x647; &#x627;&#x644;&#x642;&#x635;&#x635; &#x62A;&#x637;&#x628;&#x64A;&#x642; &#x639;&#x645;&#x644;&#x64A; &#x635;&#x627;&#x62F;&#x642; &#x644;&#x635;&#x62D;&#x629; &#x647;&#x630;&#x647; &#x627;&#x644;&#x645;&#x642;&#x648;&#x644;&#x629;.</subfield>
  </datafield>
  <datafield tag="650" ind1=" " ind2="7">
    <subfield code="a">&#x627;&#x644;&#x642;&#x635;&#x635; &#x627;&#x644;&#x639;&#x631;&#x628;&#x64A;&#x629;</subfield>
    <subfield code="y">&#x642;&#x631;&#x646; 21.</subfield>
    <subfield code="2">BUEsh</subfield>
  </datafield>
  <datafield tag="651" ind1=" " ind2=" ">
    <subfield code="2">BUEsh</subfield>
  </datafield>
  <datafield tag="653" ind1=" " ind2=" ">
    <subfield code="b">ARALIT</subfield>
    <subfield code="b">GGEN</subfield>
    <subfield code="c">May2019</subfield>
  </datafield>
  <datafield tag="942" ind1=" " ind2=" ">
    <subfield code="2">ddc</subfield>
  </datafield>
  <datafield tag="952" ind1=" " ind2=" ">
    <subfield code="0">0</subfield>
    <subfield code="1">0</subfield>
    <subfield code="2">ddc</subfield>
    <subfield code="4">0</subfield>
    <subfield code="7">0</subfield>
    <subfield code="8">Alahram</subfield>
    <subfield code="a">MAIN</subfield>
    <subfield code="b">MAIN</subfield>
    <subfield code="c">2ND</subfield>
    <subfield code="d">2019-05-05</subfield>
    <subfield code="e">Purchase</subfield>
    <subfield code="g">35.00</subfield>
    <subfield code="h">529</subfield>
    <subfield code="o">892.736 &#x62A; &#x648; &#x641;</subfield>
    <subfield code="p">000044635</subfield>
    <subfield code="q">2021-12-06</subfield>
    <subfield code="r">2021-11-22 00:00:00</subfield>
    <subfield code="s">2021-11-22</subfield>
    <subfield code="v">43.75</subfield>
    <subfield code="y">BB</subfield>
  </datafield>
</record>
